Normal view
MARC view
- الفنون التشكيلية-فن الرسم-فنون الرسوم التصويرية
Entry Topical Term
001 - CONTROL NUMBER
- control field: 9471
003 - CONTROL NUMBER IDENTIFIER
- control field: JO-AjAnu
005 - DATE AND TIME OF LATEST TRANSACTION
- control field: 20230606071826.0
008 - FIXED-LENGTH DATA ELEMENTS
- fixed length control field: 230606|| aca||aabn | a|a d
040 ## - CATALOGING SOURCE
- Original cataloging agency: JO-AjAnu
- Transcribing agency: JO-AjAnu
150 ## - HEADING--TOPICAL TERM
- Topical term or geographic name entry element: الفنون التشكيلية-فن الرسم-فنون الرسوم التصويرية
670 ## - SOURCE DATA FOUND
- Source citation: Work cat.: (JO-AjAnu)4886: جودي، محمد حسين تأليف , author 9470, فن التخطيط البصري: تخطيط الجسم والرأس والوجه الإنساني وتخطيط النماذج والمناظر الطبيعية والحصان